LEADER 01037nam 2200325Ia 450 001 996385969303316 005 20221108095354.0 035 $a(CKB)1000000000610549 035 $a(EEBO)2240954760 035 $a(OCoLC)12394643 035 $a(EXLCZ)991000000000610549 100 $a19850816d1661 uy | 101 0 $aeng 135 $aurbn||||a|bb| 200 10$aMaster Dowglasse, his sermon$b[electronic resource] $epreach't at the down-sitting of this last Parliament of Scotland, 1661 : an advertisement to the courteous reader, in a postcript 210 $aLondon $c[s.n.]$d1661 215 $a[2], 37, [1] p 300 $aReproduction of original in Bodleian Library. 300 $aAdvertisement: p. [1] at end. 300 $aErrata: p. [1] at end. 330 $aeebo-0014 700 $aDouglas$b Robert$f1594-1674.$01005428 801 0$bEAA 801 1$bEAA 801 2$bm/c 801 2$bWaOLN 906 $aBOOK 912 $a996385969303316 996 $aMaster Dowglasse, his sermon$92376960 997 $aUNISA